Alle Sieger von F1-Rennen in Frankreich - Statistiken

Allgemein
  • Dieses Quiz wurde 128 mal gespielt
    88 seit der letzten Aktualisierung
  • Das Durchschnittsergebnis liegt bei 49 aus 63
Antwortstatistiken
Nr. Jahr Strecke Konstrukteur Nationalität Fahrer % Korrekt
59 2018 Le Castellet Mercedes GBR Lewis Hamilton
100%
60 2019 Le Castellet Mercedes GBR Lewis Hamilton
100%
61 2021 Le Castellet Red Bull NED Max Verstappen
99%
62 2022 Le Castellet Red Bull NED Max Verstappen
99%
57 2007 Magny-Cours Ferrari FIN Kimi Räikkönen
97%
44 1994 Magny-Cours Benetton GER Michael Schumacher
97%
45 1995 Magny-Cours Benetton GER Michael Schumacher
97%
47 1997 Magny-Cours Ferrari GER Michael Schumacher
97%
48 1998 Magny-Cours Ferrari GER Michael Schumacher
97%
51 2001 Magny-Cours Ferrari GER Michael Schumacher
97%
52 2002 Magny-Cours Ferrari GER Michael Schumacher
97%
54 2004 Magny-Cours Ferrari GER Michael Schumacher
97%
56 2006 Magny-Cours Ferrari GER Michael Schumacher
97%
53 2003 Magny-Cours Williams GER Ralf Schumacher
97%
31 1981 Dijon Renault FRA Alain Prost
96%
33 1983 Le Castellet Renault FRA Alain Prost
96%
38 1988 Le Castellet McLaren FRA Alain Prost
96%
39 1989 Le Castellet McLaren FRA Alain Prost
96%
40 1990 Le Castellet Ferrari FRA Alain Prost
96%
43 1993 Magny-Cours Williams FRA Alain Prost
96%
58 2008 Magny-Cours Ferrari BRA Felipe Massa
93%
1 1950 Reims Alfa Romeo ARG Juan Manuel Fangio
93%
2 1951 Reims Alfa Romeo ARG Juan Manuel Fangio
93%
5 1954 Reims Mercedes ARG Juan Manuel Fangio
93%
7 1957 Rouen Maserati ARG Juan Manuel Fangio
93%
25 1975 Le Castellet Ferrari AUT Niki Lauda
93%
34 1984 Dijon McLaren AUT Niki Lauda
93%
55 2005 Magny-Cours Renault ESP Fernando Alonso
92%
46 1996 Magny-Cours Williams GBR Damon Hill
90%
3 1952 Rouen Ferrari ITA Alberto Ascari
87%
35 1985 Le Castellet Brabham BRA Nelson Piquet
83%
36 1986 Le Castellet Williams GBR Nigel Mansell
83%
37 1987 Le Castellet Williams GBR Nigel Mansell
83%
41 1991 Magny-Cours Williams GBR Nigel Mansell
83%
42 1992 Magny-Cours Williams GBR Nigel Mansell
83%
49 1999 Magny-Cours Jordan GER Heinz-Harald Frentzen
82%
27 1977 Dijon Lotus USA Mario Andretti
82%
28 1978 Le Castellet Lotus USA Mario Andretti
82%
19 1969 Clermont-Ferrand Matra GBR Jackie Stewart
80%
21 1971 Le Castellet Tyrrell GBR Jackie Stewart
80%
22 1972 Clermont-Ferrand Tyrrell GBR Jackie Stewart
80%
10 1960 Reims Cooper AUS Jack Brabham
79%
16 1966 Reims Brabham AUS Jack Brabham
79%
17 1967 Le Mans Brabham AUS Jack Brabham
79%
26 1976 Le Castellet McLaren GBR James Hunt
79%
20 1970 Clermont-Ferrand Lotus AUT Jochen Rindt
79%
50 2000 Magny-Cours McLaren GBR David Coulthard
77%
13 1963 Reims Lotus GBR Jim Clark
76%
15 1965 Clermont-Ferrand Lotus GBR Jim Clark
76%
18 1968 Rouen Ferrari BEL Jacky Ickx
70%
30 1980 Le Castellet Williams AUS Alan Jones
66%
32 1982 Le Castellet Renault FRA René Arnoux
55%
23 1973 Le Castellet Lotus SWE Ronnie Peterson
54%
24 1974 Dijon Lotus SWE Ronnie Peterson
54%
4 1953 Reims Ferrari GBR Mike Hawthorn
48%
8 1958 Reims Ferrari GBR Mike Hawthorn
48%
9 1959 Reims Ferrari GBR Tony Brooks
18%
29 1979 Dijon Renault FRA Jean-Pierre Jabouille
13%
6 1956 Reims Ferrari GBR Peter Collins
13%
12 1962 Rouen Porsche USA Dan Gurney
11%
14 1964 Rouen Brabham USA Dan Gurney
11%
ITA Luigi Fagioli
11%
11 1961 Reims Ferrari ITA Giancarlo Baghetti
6%
Keine übereinstimmenden Quizze gefunden
Verteilung der Resultate
Anzahl Personen mit jedem Resultat
Perzentil nach korrekt beantworteten Fragen
Ihre Resultats-Entwicklung
Sie haben dieses Quiz seit der letzten Aktualisierung nicht gespielt